| 000 | 01426nam a22002297a 4500 | ||
|---|---|---|---|
| 005 | 20240403170334.0 | ||
| 008 | 240403t2024 xxk|||||og||| 00| 0 eng d | ||
| 110 |
_aProperty Lawyers Action Group _96338 |
||
| 245 | _aAn Open Letter to Ian Jeffery, CEO of the Law Society | ||
| 260 |
_bProperty Lawyers Action Group, _c2 April 2024 |
||
| 520 | _aIn an open letter to the Law Society, PLA asks the Society to withdraw the latest version of the property information form TA6 that was designed to support National Trading Standards' Estates and Lettings guidance on "material information" required for property listings. The letter urges the Society to indefinitely postpone implementing the latest version, saying that it and TA7 contravenes the Society's conveyancing quality scheme policy "to discourage the practice of raising enquiries about every conceivable matter that could possibly affect a transaction, in favour of fewer targeted, relevant enquiries" | ||
| 650 | _aMATERIAL INFORMATION | ||
| 650 | _aLETTINGS | ||
| 650 | _aESTATE AGENTS | ||
| 650 | _aPROPERTY PARTICULARS | ||
| 650 | _aTRADING STANDARDS | ||
| 650 | _aCONSUMER PROTECTION FROM UNFAIR TRADING REGULATIONS 2008 | ||
| 690 |
_aResidential property _96266 |
||
| 710 |
_aProperty Lawyers Action Group _96338 |
||
| 856 |
_uhttps://plactiongroup.co.uk/2024/04/02/an-open-letter-to-ian-jeffery-ceo-of-the-law-society/ _zPLAG letter |
||
| 942 | _2ddc | ||
| 999 |
_c121891 _d121891 |
||